000 01018nam a2200265Ia 4500
003 OSt
005 20221005104616.0
006 a|||||r|||| 00| 0
007 ta
008 221004b |||||||| |||| 00| 0 hin d
020 _a8171194397 (hbk)
_c150
024 _a97423
037 _b576, 23/03/2009, Vani Prakashan
_cTextual
040 _aCRL
_cCRL
_bhin
041 _2hin
_ahin
082 _aO152,1J32,11:g, N9
100 _aपाण्डेय, सुधाकर, संपा.
245 0 _aरामचरितमानस
_b साहित्यिक मूल्यांकन
246 _aRāmacharitamānasa: sāhityik mūlyāankana
260 _aदिल्ली
_bराधाकृष्ण भारत
_c1999
300 _a245पृ0
_ccm.
650 _aहिन्दी साहित्य
942 _hO152,1J32,11:g, N9
_cTEXL
_2cc
999 _c1013236
_d1013236